MLB All-Star Third Basemen since 1986 - Statistics

General Stats
  • This quiz has been taken 104 times
    80 since last reset
  • The average score is 25 of 81
Answer Stats
Answer % Correct
Chipper Jones
87%
Scott Rolen
78%
Nolan Arenado
76%
George Brett
73%
Manny Machado
73%
Mike Schmidt
73%
Wade Boggs
73%
Alex Rodriguez
71%
Jose Ramirez
71%
Adrian Beltre
62%
Cal Ripken Jr.
62%
David Wright
62%
Howard Johnson
60%
Matt Williams
58%
Edgar Martinez
56%
Miguel Cabrera
56%
Kris Bryant
51%
Pablo Sandoval
51%
Evan Longoria
49%
Alex Bregman
47%
Josh Donaldson
47%
Rafael Devers
44%
Ryan Zimmerman
44%
Scott Brosius
42%
Justin Turner
40%
Ken Caminiti
38%
Kyle Seager
38%
Troy Glaus
38%
Mike Lowell
36%
Austin Riley
33%
Chris Sabo
33%
Matt Chapman
33%
Robin Ventura
33%
Terry Pendleton
33%
Matt Carpenter
31%
Paul Molitor
31%
Aaron Boone
29%
Mike Moustakas
29%
Pedro Guerrero
27%
Bobby Bonilla
24%
Gary Gaetti
24%
Travis Fryman
24%
Anthony Rendon
22%
Freddy Sanchez
20%
Jim Thome
20%
Joe Crede
20%
Scott Cooper
20%
Vinny Castilla
20%
Kelly Gruber
18%
Tim Wallach
18%
Todd Frazier
18%
Brandon Inge
16%
David Freese
16%
Eric Chavez
16%
Eugenio Suarez
16%
Melvin Mora
16%
Placido Polanco
16%
Tony Fernandez
16%
Dean Palmer
13%
Hank Blalock
13%
Ed Sprague
11%
Gary Sheffield
11%
Kevin Seitzer
11%
Tony Batista
11%
Carlos Guillen
9%
Chone Figgins
9%
Chris Brown
9%
Dave Hollins
9%
Jeff Cirillo
9%
Eduardo Escobar
7%
Jack Lamb
7%
Morgan Ensberg
7%
Pedro Alvarez
7%
Vance Law
7%
Brook Jacoby
4%
Eduardo Nunez
4%
Josh Harrison
4%
Miguel Sano
4%
Jim Presley
2%
Joey Wendle
2%
Carney Langsford
0%
No matching quizzes found
Score Distribution
Percent of People with Each Score
Percentile by Number Answered
Your Score History
You have not taken this quiz since the last reset